Top 10 Napoli Starting XI - Statistics

General Stats
  • This quiz has been taken 1,521 times
    400 since last reset
  • The average score is 36 of 56
Answer Stats
Team Player % Correct
2022-23 Khvicha Kvaratskhelia
95%
2022-23 Kim Min-jae
95%
2012-13, 2013-14, 2015-16, 2016-17, 2017-18 Marek Hamšík
95%
2013-14, 2015-16, 2016-17, 2017-18 Pepe Reina
95%
2021-22, 2022-23 Victor Osimhen
95%
2016-17, 2017-18 Dries Mertens
94%
2015-16, 2016-17, 2017-18, 2018-19, 2021-22 Kalidou Koulibaly
92%
2013-14, 2015-16, 2016-17, 2017-18, 2018-19, 2021-22 Lorenzo Insigne
92%
2018-19, 2021-22, 2022-23 Piotr Zieliński
92%
2024-25 Romelu Lukaku
92%
2024-25 Scott McTominay
91%
2022-23, 2024-25 Stanislav Lobotka
91%
2021-22, 2022-23, 2024-25 Andre-Frank Zambo Anguissa
90%
2021-22, 2022-23, 2024-25 Giovanni Di Lorenzo
90%
2021-22, 2022-23 Hirving Lozano
90%
2022-23, 2024-25 Alex Meret
89%
2018-19, 2021-22 David Ospina
89%
2017-18, 2021-22, 2022-23 Mário Rui
89%
2013-14, 2015-16 Gonzalo Higuaín
87%
2013-14, 2015-16, 2016-17, 2017-18, 2018-19 José Callejón
86%
2012-13 Edinson Cavani
84%
2015-16, 2016-17, 2017-18, 2018-19 Elseid Hysaj
84%
2021-22, 2022-23, 2024-25 Amir Rrahmani
83%
2015-16, 2016-17, 2017-18, 2018-19 Allan
82%
2013-14, 2015-16, 2016-17, 2017-18, 2018-19 Raúl Albiol
82%
2018-19 Arkadiusz Milik
80%
1989-90 Diego Maradona
80%
2012-13 Goran Pandev
78%
2018-19, 2021-22 Fabián Ruiz
77%
2015-16, 2016-17, 2017-18 Jorginho
74%
2024-25 Matteo Politano
72%
2013-14, 2015-16, 2016-17 Faouzi Ghoulam
70%
2024-25 Mathías Olivera
69%
2024-25 Alessandro Buongiorno
64%
2024-25 Leonardo Spinazzola
62%
2012-13, 2013-14 Gökhan Inler
60%
2012-13 Paolo Cannavaro
47%
2012-13 Juan Zúñiga
45%
2012-13 Valon Behrami
45%
2013-14 Blerim Džemaili
43%
2012-13, 2013-14 Christian Maggio
43%
1989-90 Careca
42%
2012-13 Morgan De Sanctis
40%
2018-19 Kévin Malcuit
37%
2012-13 Hugo Campagnaro
35%
2013-14 Federico Fernández
32%
1989-90 Ciro Ferrara
28%
1989-90 Fernando De Napoli
21%
1989-90 Andrea Carnevale
17%
2012-13 Alessandro Gamberini
16%
1989-90 Giuliano Giuliani
11%
1989-90 Giovanni Francini
10%
1989-90 Giancarlo Corradini
9%
1989-90 Marco Baroni
9%
1989-90 Massimo Crippa
9%
1989-90 Luca Fusi
8%
No matching quizzes found
Score Distribution
Percent of People with Each Score
Percentile by Number Answered
Your Score History
You have not taken this quiz since the last reset